পৃথিবী একটি গ্রহের নাম / (Record no. 539)
[ view plain ]
| 000 -LEADER | |
|---|---|
| fixed length control field | 00821nam a2200241 a 4500 |
| 001 - CONTROL NUMBER | |
| JCCL Control Number | 539 |
| 003 - CONTROL NUMBER IDENTIFIER | |
| JCCL marc code | BD-JhCC |
| 005 - DATE AND TIME OF LATEST TRANSACTION | |
| control field | 20171011194236.0 |
| 008 - FIXED-LENGTH DATA ELEMENTS--GENERAL INFORMATION | |
| fixed length control field | 171007s1968 bg |||| ||a| 000 0 ben d |
| 035 ## - SYSTEM CONTROL NUMBER | |
| system control number | (BD-JhCC)539 |
| 040 ## - CATALOGING SOURCE | |
| Original cataloging agency | BD-JhCC |
| Modifying agency | BD-JhCC |
| 041 ## - LANGUAGE CODE | |
| Language code of Book | ben |
| 082 ## - DEWEY DECIMAL CLASSIFICATION NUMBER | |
| DDC Edition number | 22 |
| Classification number | 550 |
| Author mark and Year | FRA 1968 |
| 100 ## - MAIN ENTRY--PERSONAL NAME | |
| Personal name | এম. ব্র্যানলী, ফ্রাঙ্কলীন |
| 245 ## - TITLE STATEMENT | |
| Title | পৃথিবী একটি গ্রহের নাম / |
| Statement of responsibility, etc | ফ্রাঙ্কলীন এম. ব্র্যানলী; ড. এম কবীর (অনু.) |
| 260 ## - PUBLICATION, DISTRIBUTION, ETC. (IMPRINT) | |
| Place of publication, distribution, etc | ঢাকা : |
| Name of publisher, distributor, etc | খোরশেদ কিতাব মহল, |
| Date of publication, distribution, etc | 1968. |
| 300 ## - PHYSICAL DESCRIPTION | |
| Pagination | 98 p. : |
| Dimensions | 21 cm. |
| 650 ## - SUBJECT ADDED ENTRY--TOPICAL TERM | |
| Topical term or geographic name as entry element | Easth (Plant) |
| 651 ## - SUBJECT ADDED ENTRY--GEOGRAPHIC NAME | |
| Geographic name | Bangladesh |
| 700 ## - ADDED ENTRY--PERSONAL NAME | |
| Personal name | কবীর, ড. এম |
| 942 ## - ADDED ENTRY ELEMENTS (KOHA) | |
| Source of classification or shelving scheme | Dewey Decimal Classification |
| Koha item type | Books |
| Source of classification or shelving scheme | Damaged status | Not for loan | Home library | Current library | Shelving location | Date of accession | Cost, normal purchase price | Total Checkouts | Full call number | Barcode | Date last seen | Copy number | Koha item type |
|---|---|---|---|---|---|---|---|---|---|---|---|---|---|
| Dewey Decimal Classification | JCC Rouf Library | JCC Rouf Library | General Stacks | 10/07/2017 | 2.00 | 550 FRA 1968 | 5003 | 10/07/2017 | C-1 | Books |